Principles of biochemistry / (Record no. 330170)

000 -LEADER
fixed length control field 01119cam a2200313 a 4500
001 - CONTROL NUMBER
control field 4854575
003 - CONTROL NUMBER IDENTIFIER
control field NUST
005 - DATE AND TIME OF LATEST TRANSACTION
control field 20170612121045.0
008 - FIXED-LENGTH DATA ELEMENTS--GENERAL INFORMATION
fixed length control field 930211s1993 nyua b 001 0 eng
010 ## - LIBRARY OF CONGRESS CONTROL NUMBER
LC control number 91067492
020 ## - INTERNATIONAL STANDARD BOOK NUMBER
International Standard Book Number 0879015004
040 ## - CATALOGING SOURCE
Original cataloging agency DLC
Transcribing agency DLC
Modifying agency DLC
050 00 - LIBRARY OF CONGRESS CALL NUMBER
Classification number QP514.2
Item number .L425 1993
082 00 - DEWEY DECIMAL CLASSIFICATION NUMBER
Classification number 572 LEH
Edition number 20
100 1# - MAIN ENTRY--PERSONAL NAME
Personal name Lehninger, Albert L.
9 (RLIN) 2454
245 10 - TITLE STATEMENT
Title Principles of biochemistry /
Statement of responsibility, etc. Albert L. Lehninger, David L. Nelson, Michael M. Cox.
250 ## - EDITION STATEMENT
Edition statement 2nd ed.
260 ## - PUBLICATION, DISTRIBUTION, ETC.
Place of publication, distribution, etc. India :
Name of publisher, distributor, etc. CBS Publishers,
Date of publication, distribution, etc. c1993.
300 ## - PHYSICAL DESCRIPTION
Extent xli, 1013, [77] p. :
Other physical details ill. (some col.) ;
Dimensions 29 cm.
500 ## - GENERAL NOTE
General note P.B
504 ## - BIBLIOGRAPHY, ETC. NOTE
Bibliography, etc. note Includes bibliographical references and index.
650 #0 - SUBJECT ADDED ENTRY--TOPICAL TERM
Topical term or geographic name entry element Biochemistry.
9 (RLIN) 2455
700 1# - ADDED ENTRY--PERSONAL NAME
Personal name Nelson, David L.
Fuller form of name (David Lee),
Dates associated with a name 1942-
9 (RLIN) 2456
700 1# - ADDED ENTRY--PERSONAL NAME
Personal name Cox, Michael M.
9 (RLIN) 2457
906 ## - LOCAL DATA ELEMENT F, LDF (RLIN)
a 7
b cbc
c orignew
d 3
e opcn
f 19
g y-gencatlg
942 ## - ADDED ENTRY ELEMENTS (KOHA)
Source of classification or shelving scheme
Koha item type Book
Call number prefix 572 LEH
Holdings
Withdrawn status Lost status Source of classification or shelving scheme Damaged status Not for loan Collection code Permanent Location Current Location Shelving location Date acquired Total Checkouts Full call number Barcode Date last seen Price effective from Koha item type
            Institute of Environmental Science and Engineering (IESE) Institute of Environmental Science and Engineering (IESE) General Stacks 06/12/2017   572 LEH IESE-569 06/12/2017 06/12/2017 Book
© 2023 Central Library, National University of Sciences and Technology. All Rights Reserved.